Statistiques concernant Pays les plus proches d'Alaska

Cliquez ici pour prendre le quiz!

Statistiques générales

  • Ce quiz a été pris 305 fois
  • Le résultat moyen est 14 sur 20

Statistiques - réponses

kmpays% Correct
0Canada
99%
4Russie
98%
2677Chine
94%
2195Japon
94%
3291Corée du Nord
92%
3703Corée du Sud
91%
2689Mexique
91%
3740Mongolie
80%
4940France
St Pierre et Miquelon
76%
4163Islande
72%
5226Cuba
71%
5169Royaume-Uni
70%
5200Taïwan
68%
4289Finlande
67%
4170Norvège
67%
4407Suède
67%
5165Bahamas
57%
2135Groenland
45%
4644Îles Marshall
24%
4907Îles Féroé
13%

Distribution des résultats

Percentile par nombre de réponses

% des personnes avec chaque résultat

Votre développement - résultats

Vous n’avez pas pris ce quiz